01018nam a22001937a 4500003000900000008004100009040007100050082001800121100002600139245007300165260009700238300004500335440007100380505029000451650002700741650002200768650001700790700001700807AR-CdUCM190312b ||||| |||| 00| 0 spa d aMUNICIPALIDAD PROVINCIAL DEL CUSCOcBIBLIOTECA MUNICIPAL DEL CUSCO a985.03 /bT67 aTord Nicolini, Javier aHacienda, comercio, fiscalidad y luchas sociales, Perú colonial /  aLima : bOficina de publicaciones de la Pontificia Universidad Católica del Perú,c1981. a320 paginas ,bTablas numericas,c24 cm. aColección Colonia: Estudios de historia económica y social n1 aLas clases sociales -- Feudalidad, situación de clases y situación colonial -- Pachachaca, una hacienda feudal, auto abastecimiento y comercialización -- Circulación feudal en el Perú: tradicional y colonial -- El corregidor: agente de la circulación de clase y colonial... aDesarrollo económico aÉpoca Colonial. aClase social aLazo, Carlos